| 000 | 00674nam a2200253Ia 4500 | ||
|---|---|---|---|
| 003 | OSt | ||
| 005 | 20221007100141.0 | ||
| 006 | a|||||r|||| 00| 0 | ||
| 007 | ta | ||
| 008 | 221006b |||||||| |||| 00| 0 eng d | ||
| 020 | _a0674177355 | ||
| 024 | _a3,864 | ||
| 037 | _cTextual | ||
| 040 |
_aLCO _cLCO _beng |
||
| 041 |
_2eng _aeng |
||
| 082 | _aZv, M3 | ||
| 100 | _aUnger Roberto Mangabeira | ||
| 245 | 0 | _aCritical Legal Studies Movement | |
| 260 |
_aLondon _bHarvard University Press U.K. _c1983 |
||
| 300 | _a128 | ||
| 650 |
_aCRITICAL LAGAL STUDIES _9701317 |
||
| 942 |
_hZv, M3 _cTEXL |
||
| 999 |
_c1173427 _d1173427 |
||